| 000 | 00650nam a2200205 a 4500 | ||
|---|---|---|---|
| 003 | BD-RjUL | ||
| 005 | 20251014140918.0 | ||
| 008 | 251014s1968 bg ||||| |||| 00| 0 ben d | ||
| 035 | _a(BD-RjUL) | ||
| 040 |
_aBD-RjUL _beng _cBD-RjUL |
||
| 041 | _aben | ||
| 082 |
_223 _a500 _bHUJ 1968 |
||
| 100 |
_aহক, জহুরুল _917182 |
||
| 245 |
_aজীবন ও বিজ্ঞান / _nজহুরুল হক |
||
| 260 |
_aঢাকা : _bনওরোজ কিতাবিস্তান, _c১৯৬৮ |
||
| 300 |
_a১৫৫ পৃ.; _c২২ সেমি. |
||
| 650 | _aবিজ্ঞান | ||
| 650 | _aScience | ||
| 942 |
_2ddc _cBK |
||
| 999 |
_c85861 _d85861 |
||